000 01095cam a2200349 a 4500
001 10297936
003 ARRUPE
005 20161004094121.0
006 m d
007 cr n
008 110811s2011 enk sb 001 0 eng d
020 _a9780199587292
020 _a0199587299
020 _a9780198707912
035 _a(WaSeSS)ssj0000546943
040 _aBTCTA
_beng
_cBTCTA
_dYDXCP
_dUAT
_dBWX
_dCUD
_dDLC
_dWaSeSS
042 _alccopycat
050 4 _aB1667.S384P569
082 0 4 _a192
_222
100 1 _aStrawson, P. F.
_910295
210 1 0 _aPhilosophical writings
245 1 0 _aPhilosophical writings
_cP.F. Strawson ; edited by Galen Strawson and Michelle Montague.
260 _aOxford :
_bOxford University Press,
_c2011.
300 _aix, 258p.;
_c22cm.
504 _aIncludes bibliographical references and index.
650 0 _aPhilosophy.
_926389
700 1 _aStrawson, Galen.
_911348
700 1 _aMontague, Michelle.
_926390
773 0 _tOxford Scholarship Online Philosophy
910 _aLibrary of Congress record
942 _2lcc
_cMONOGRAPH
999 _c125411
_d125411